Ekstraklasa 2018/2019 - Statystyki

Ogólne statystyki
  • Ten quiz został rozwiązany 23 razy
  • Średni wynik to 14 z 16
Statystyki odpowiedzi
Miejsce w tabeli Punkty Drużyna % Poprawnych
3 67 Lechia Gdańsk
100%
8 52 Lech Poznań
100%
2 68 Legia Warszawa
100%
5 57 Jagiellonia Białystok
95%
10 47 Korona Kielce
95%
1 72 Piast Gliwice
95%
12 44 Śląsk Wrocław
95%
6 53 Zagłębie Lubin
91%
13 42 Arka Gdynia
86%
7 52 Pogoń Szczecin
86%
9 49 Wisła Kraków
86%
14 41 Wisła Płock
86%
4 57 Cracovia
82%
11 46 Górnik Zabrze
82%
16 29 Zagłębie Sosnowiec
73%
15 40 Miedź Legnica
68%
Nie znaleziono quizów pasujących do podanych kryteriów
Rozkład punktacji
Procent ludzi z każdym wynikiem
Percentyl według liczby udzielonych odpowiedzi
Twoja historia wyników
Nie rozwiązałeś tego quizu